| 000 | 00738nam a2200205 i 4500 | ||
|---|---|---|---|
| 001 | 89465 | ||
| 003 | ES-MaACL | ||
| 005 | 20230906180200.0 | ||
| 007 | t| | ||
| 008 | 050110s1969 sp ||||1| spa d | ||
| 100 | 1 |
_aLannurien, Pierre de. _970088 |
|
| 245 | 1 | 0 |
_aCien años de retraso en la pequeña y la mediana empresa / _cPierre de Lannurien ; prólogo de Fabián Estapé ; [traducción, Xavier Calsamiglia]. |
| 250 | _a[1ª ed.]. | ||
| 260 |
_aBarcelona, etc. : _bNoguer, _c[1969] |
||
| 300 |
_a211 p. ; _c22 cm. |
||
| 700 | 1 |
_aEstapé, Fabián ( _d1923-2012) _948011 |
|
| 700 | 1 |
_aCalsamiglia, Xavier, _edir. _933786 |
|
| 740 | 0 | _a100 años de retraso en la pequeña y la mediana empresa. | |
| 852 |
_aES-MaACL _jC-38760 _bR.70393 |
||
| 999 |
_c89465 _d89465 |
||